[Event "28th Cappelle Open"]
[Site "Cappelle la Grande FRA"]
[Date "2012.03.07"]
[Round "6.20"]
[White "Zakhartsov, Viacheslav V."]
[Black "Lalic, Bogdan"]
[Result "1/2-1/2"]
[WhiteTitle "GM"]
[BlackTitle "GM"]
[WhiteElo "2563"]
[BlackElo "2469"]
[WhiteFideId "4115333"]
[BlackFideId "409081"]
[EventDate "2012.03.03"]

1. Nf3 Nf6 2. c4 c5 3. Nc3 d5 4. cxd5 Nxd5 5. d4 cxd4 6. Qxd4 Nxc3 7. Qxc3 Nc6
8. e4 e6 9. a3 Bd7 10. Be2 Rc8 11. O-O Na5 12. Qd3 Be7 13. Be3 a6 14. Rac1 Rxc1
15. Rxc1 O-O 16. Ne5 Ba4 17. Qxd8 Bxd8 18. b4 Nc6 19. Nd7 Nd4 20. Bxd4 Bxd7 21.
e5 Bc6 22. f4 Bd5 23. Bc5 Re8 24. Kf2 f6 25. Bf3 fxe5 26. fxe5 Bh4+ 27. Ke2
Bxf3+ 28. Kxf3 Rc8 29. Rd1 Rd8 30. Bd6 Be7 31. Ke4 Kf7 32. Rd3 Rc8 33. Rf3+ Ke8
34. Rg3 g6 35. Rh3 Rc4+ 36. Kd3 Rh4 37. Bxe7 Rxh3+ 38. gxh3 Kxe7 39. h4 h6 40.
Kd4 1/2-1/2

[Event "28th Cappelle Open"]
[Site "Cappelle la Grande FRA"]
[Date "2012.03.07"]
[Round "6.21"]
[White "Bernadskiy, Vitaliy"]
[Black "Chernyshov, Konstantin"]
[Result "1-0"]
[WhiteTitle "IM"]
[BlackTitle "GM"]
[WhiteElo "2464"]
[BlackElo "2561"]
[WhiteFideId "14100371"]
[BlackFideId "4117328"]
[EventDate "2012.03.03"]

1. d4 Nf6 2. c4 e6 3. Nc3 Bb4 4. e3 b6 5. Ne2 Ne4 6. Qc2 Bb7 7. a3 Bxc3+ 8. Nxc3
Nxc3 9. Qxc3 O-O 10. b4 f5 11. Bb2 Qe7 12. d5 a5 13. Rd1 axb4 14. axb4 Rf7 15.
Be2 Na6 16. Bh5 Rf6 17. Bf3 d6 18. dxe6 Bxf3 19. gxf3 Rxe6 20. Rd5 Rf8 21. h4
Rf7 22. h5 c6 23. Rd1 c5 24. b5 Nb4 25. h6 Qg5 26. Ke2 Rxh6 27. Rdg1 Qf6 28.
Qxf6 Rhxf6 29. Bxf6 Rxf6 30. Ra1 d5 31. Ra8+ Rf8 32. Rxf8+ Kxf8 33. cxd5 Nxd5
34. Kd3 Nf6 35. Ra1 Ke7 36. Ra8 h6 37. Kc4 Ne8 38. Rb8 Nd6+ 39. Kd5 Nxb5 40.
Rb7+ Kf8 41. Rxb6 Nc3+ 42. Ke6 Kg8 43. Kxf5 Kh7 44. Rb2 c4 45. Rc2 Nb5 46. Ke5
c3 47. Kd5 h5 48. Kc5 Nc7 49. Rxc3 h4 50. Rc1 g5 51. Kd6 Ne8+ 52. Ke7 Ng7 53.
Kf6 Kh6 54. Rc8 1-0

[Event "28th Cappelle Open"]
[Site "Cappelle la Grande FRA"]
[Date "2012.03.07"]
[Round "6.22"]
[White "Popovic, Dusan"]
[Black "Rombaldoni, Axel"]
[Result "1/2-1/2"]
[WhiteTitle "GM"]
[BlackTitle "IM"]
[WhiteElo "2561"]
[BlackElo "2464"]
[WhiteFideId "927031"]
[BlackFideId "815837"]
[EventDate "2012.03.03"]

1. g3 Nf6 2. Bg2 d5 3. d3 g6 4. Nf3 Bg7 5. O-O O-O 6. Nbd2 c5 7. e4 Nc6 8. c3 e6
9. Re1 a5 10. a4 b6 11. exd5 exd5 12. Nb1 Bf5 13. h3 Re8 14. Rxe8+ Qxe8 15. Na3
Na7 16. Bg5 h6 17. Bxf6 Bxf6 18. Qb3 Qd8 19. Nd2 Be6 20. c4 dxc4 21. dxc4 Rc8
22. Rd1 Nc6 23. Nb5 Nd4 24. Nxd4 cxd4 25. h4 Qc7 1/2-1/2

[Event "28th Cappelle Open"]
[Site "Cappelle la Grande FRA"]
[Date "2012.03.07"]
[Round "6.23"]
[White "Harutjunyan, Gevorg"]
[Black "Mirzoev, Azer"]
[Result "1/2-1/2"]
[WhiteTitle "GM"]
[BlackTitle "GM"]
[WhiteElo "2455"]
[BlackElo "2560"]
[WhiteFideId "13300873"]
[BlackFideId "13400304"]
[EventDate "2012.03.03"]

1. e4 e5 2. Nf3 Nc6 3. Bb5 a6 4. Ba4 Nge7 5. c3 d6 6. d4 Bd7 7. Bg5 Qc8 8. Nbd2
Ng6 9. O-O Be7 10. Bxe7 Ncxe7 11. Bb3 O-O 12. Nc4 Nc6 13. Re1 h6 14. Rc1 Re8 15.
dxe5 dxe5 16. Ne3 Nd8 17. Nf5 Ne6 18. Re3 Nef4 19. Bc2 Bc6 20. g3 Nh3+ 21. Kg2
Ng5 22. h4 Nxf3 23. Qxf3 Ne7 24. Nxe7+ Rxe7 25. Bb3 Bd7 26. Rd3 Bh3+ 27. Kg1 Bg4
28. Qe3 Rd7 29. Rd5 Rxd5 30. Bxd5 c6 31. Bb3 a5 32. f3 1/2-1/2

[Event "28th Cappelle Open"]
[Site "Cappelle la Grande FRA"]
[Date "2012.03.07"]
[Round "6.25"]
[White "Le Roux, Jean-Pierre"]
[Black "Nikcevic, Nebojsa"]
[Result "0-1"]
[WhiteTitle "GM"]
[BlackTitle "GM"]
[WhiteElo "2550"]
[BlackElo "2419"]
[WhiteFideId "609404"]
[BlackFideId "901776"]
[EventDate "2012.03.03"]

1. e4 e5 2. Nf3 Nf6 3. Nxe5 d6 4. Nc4 Nxe4 5. Nc3 Nf6 6. d4 Be7 7. d5 Nbd7 8.
Be2 Ne5 9. Ne3 O-O 10. b3 Re8 11. Bb2 Bf8 12. O-O a6 13. a4 c5 14. a5 b5 15.
axb6 Qxb6 16. Qd2 Bd7 17. Ra2 Nfg4 18. Ncd1 Bc8 19. f4 Nxe3 20. Qxe3 Bf5 21.
fxe5 Bxc2 22. e6 fxe6 23. Bh5 Re7 24. Qf2 Bg6 25. Bf3 e5 26. Bg4 Qxb3 27. Rxa6
Rd8 28. Ne3 Ree8 29. Ra7 c4 30. Rc7 Rb8 31. Ba1 h5 32. Be6+ Kh8 33. Bf7 Bxf7 34.
Rxf7 Qd3 35. Rf5 g6 36. Rf3 Qe4 0-1

[Event "28th Cappelle Open"]
[Site "Cappelle la Grande FRA"]
[Date "2012.03.07"]
[Round "6.27"]
[White "Simantsev, Mikhail"]
[Black "Kvetny, Mark"]
[Result "1-0"]
[WhiteTitle "GM"]
[WhiteElo "2548"]
[BlackElo "2155"]
[WhiteFideId "14104555"]
[BlackFideId "24603929"]
[EventDate "2012.03.03"]

1. d4 Nf6 2. c4 e6 3. Nf3 c5 4. d5 b5 5. Bg5 exd5 6. cxd5 d6 7. e4 a6 8. a4 Be7
9. Bxf6 Bxf6 10. axb5 Bxb2 11. Ra2 Bf6 12. Nbd2 O-O 13. Bd3 Bb7 14. O-O axb5 15.
Rxa8 Bxa8 16. Bxb5 Qa5 17. Qb3 Bb7 18. Nc4 Qc7 19. Qa4 Be7 20. Rb1 f5 21. Ne3
fxe4 22. Qxe4 Bc8 23. Bd3 g6 24. Rxb8 Qxb8 25. Qxe7 Rf7 26. Qe4 Qc7 27. Ng5 Re7
28. Ne6 Qa5 29. g3 Qa1+ 30. Kg2 Qf6 31. h4 Bb7 32. Kg1 Qa1+ 33. Kh2 Qe1 34. Kg2
Rf7 35. Nf4 1-0

[Event "28th Cappelle Open"]
[Site "Cappelle la Grande FRA"]
[Date "2012.03.07"]
[Round "6.28"]
[White "Durarbayli, Vasif"]
[Black "Jeanne, Mickael"]
[Result "1-0"]
[WhiteTitle "GM"]
[WhiteElo "2543"]
[BlackElo "2177"]
[WhiteFideId "13402935"]
[BlackFideId "637963"]
[EventDate "2012.03.03"]

1. e4 e6 2. d4 d5 3. Nd2 Nf6 4. e5 Nfd7 5. c3 c5 6. Bd3 Nc6 7. Ndf3 cxd4 8. cxd4
f6 9. exf6 Nxf6 10. Nh3 Bd6 11. O-O O-O 12. Re1 Qc7 13. Nhg5 h6 14. Nxe6 Bxe6
15. Rxe6 Ng4 16. Rg6 Bxh2+ 17. Kf1 Qd7 18. Bxh6 Nxh6 19. Nxh2 Qf7 20. Qd2 Nxd4
21. Kg1 Nhf5 22. Rg5 Rad8 23. Ng4 Rd6 24. Re1 Qc7 25. Qf4 Rd7 26. Qd2 Rd6 27.
Bb1 Qb6 28. Re5 Nh4 29. Qd3 g6 30. Rxd5 Ndf3+ 31. gxf3 Re6 32. Rde5 Rd6 33. Qc4+
Kh8 34. Rh5+ gxh5 35. Rxh5+ 1-0

[Event "28th Cappelle Open"]
[Site "Cappelle la Grande FRA"]
[Date "2012.03.07"]
[Round "6.29"]
[White "Goncalves, Laurent"]
[Black "Apicella, Manuel"]
[Result "0-1"]
[BlackTitle "GM"]
[WhiteElo "2085"]
[BlackElo "2541"]
[WhiteFideId "618020"]
[BlackFideId "600164"]
[EventDate "2012.03.03"]

1. c4 Nf6 2. Nc3 g6 3. g3 Bg7 4. Bg2 d6 5. Nf3 e5 6. d3 O-O 7. O-O Nc6 8. Rb1 a5
9. Bg5 h6 10. Bxf6 Bxf6 11. a3 Bg7 12. b4 axb4 13. axb4 Be6 14. b5 Ne7 15. Qb3
d5 16. Nd2 dxc4 17. Nxc4 Qc8 18. Rfc1 Rb8 19. Qa3 Qd7 20. b6 c6 21. Ne4 Bxc4 22.
Rxc4 Nd5 23. Nc5 Qe7 24. Ra4 Rfd8 25. Ne4 Qxa3 26. Rxa3 Bf8 27. Rab3 Ra8 28. Nc3
Ne7 29. Ne4 Nd5 30. Nc3 Nxc3 31. Rxc3 Ra2 32. Bf3 Kg7 33. h4 f5 34. h5 g5 35. g4
f4 36. Kf1 Rda8 37. Be4 Ra1 38. Rb3 Rxb1+ 39. Rxb1 Bc5 40. Kg2 Kf6 41. Bf5 Ke7
42. Rc1 Bd4 43. Kf3 Kd8 44. Rb1 Ra6 45. e3 fxe3 46. fxe3 Bxb6 47. Ke4 Kc7 48.
Kxe5 Bxe3 49. Kf6 b5 50. Kg7 Rb6 51. Kxh6 b4 52. Rb3 c5+ 53. Kg7 Bd4+ 54. Kf7
Kd6 55. h6 Ke5 56. h7 Kf4 57. Be6 Rb7+ 58. Kg6 Rg7+ 59. Kh6 Re7 60. Bc8 Re1 61.
Kg6 Ke3 62. Ba6 Kd2 63. Kf7 Kc2 64. Bc4 Rg1 0-1

[Event "28th Cappelle Open"]
[Site "Cappelle la Grande FRA"]
[Date "2012.03.07"]
[Round "6.30"]
[White "Bauer, Christian"]
[Black "Certek, Pavel"]
[Result "1-0"]
[WhiteTitle "GM"]
[BlackTitle "FM"]
[WhiteElo "2679"]
[BlackElo "2322"]
[WhiteFideId "603767"]
[BlackFideId "14900254"]
[EventDate "2012.03.03"]

1. c4 c5 2. Nc3 g6 3. e3 Bg7 4. d4 Nf6 5. d5 O-O 6. Nf3 e6 7. Be2 exd5 8. cxd5
Re8 9. Nd2 d6 10. O-O Na6 11. Re1 Rb8 12. e4 Nc7 13. a4 b6 14. Bb5 Nxb5 15. axb5
Rb7 16. Nc4 Ng4 17. h3 Ne5 18. Ne3 Qh4 19. Rf1 f5 20. exf5 Bxf5 21. Ra4 Qf6 22.
Rf4 Rf7 23. Ne4 Qd8 24. Nxf5 gxf5 25. Ng3 Qd7 26. Qh5 Ng6 27. Rxf5 Rfe7 28. Bh6
Qxb5 29. Bxg7 Rxg7 30. Rg5 Rf7 31. f4 Kf8 32. f5 Ne5 33. f6 Rd8 34. Nf5 Qd3 35.
Nh6 Qd4+ 36. Kh1 1-0

[Event "28th Cappelle Open"]
[Site "Cappelle la Grande FRA"]
[Date "2012.03.07"]
[Round "6.31"]
[White "Abrahamyan, Tatev"]
[Black "Kurnosov, Igor"]
[Result "0-1"]
[WhiteTitle "WGM"]
[BlackTitle "GM"]
[WhiteElo "2322"]
[BlackElo "2657"]
[WhiteFideId "13301918"]
[BlackFideId "4142527"]
[EventDate "2012.03.03"]

1. e4 c5 2. Nf3 d6 3. d4 cxd4 4. Nxd4 Nf6 5. Nc3 a6 6. h3 e6 7. g4 Be7 8. Bg2
Nfd7 9. Be3 Nc6 10. Qe2 Nxd4 11. Bxd4 O-O 12. O-O-O b5 13. a3 Rb8 14. Kb1 b4 15.
axb4 Rxb4 16. Na2 Rb8 17. h4 e5 18. Bc3 Qc7 19. Rh3 Nc5 20. Nb4 Be6 21. Nd5 Bxd5
22. exd5 Na4 23. Rdd3 Qb6 24. b3 e4 25. Bxe4 Nxc3+ 26. Rxc3 Bf6 27. Rc4 Qa5 28.
Kc1 Rb4 29. Rxb4 Qxb4 30. Qe3 Bd4 31. Qe2 Re8 32. Kd1 Bc5 33. f3 Qd4+ 34. Qd2
Rxe4 0-1

[Event "28th Cappelle Open"]
[Site "Cappelle la Grande FRA"]
[Date "2012.03.07"]
[Round "6.35"]
[White "Nikolova, Adriana"]
[Black "Kovchan, Alexander"]
[Result "0-1"]
[WhiteTitle "WGM"]
[BlackTitle "GM"]
[WhiteElo "2293"]
[BlackElo "2598"]
[WhiteFideId "2908689"]
[BlackFideId "14103052"]
[EventDate "2012.03.03"]

1. e4 c5 2. Nf3 d6 3. d4 cxd4 4. Nxd4 Nf6 5. Nc3 a6 6. Bg5 e6 7. f4 h6 8. Bh4
Qb6 9. a3 Be7 10. Bf2 Qc7 11. Qf3 b5 12. O-O-O Bb7 13. Bd3 Nbd7 14. Rhe1 Nc5 15.
f5 e5 16. Nde2 Rc8 17. Ng3 O-O 18. Nd5 Nxd3+ 19. Qxd3 Bxd5 20. exd5 Nxd5 21. Nh5
Nf6 22. Nxf6+ Bxf6 23. c3 Rfd8 24. Qe4 Qc4 25. Rd5 Qa2 26. Qd3 Rc4 27. Re4 Bg5+
28. Kc2 Be7 29. Be1 Rdc8 30. Re2 b4 31. Ra5 b3+ 32. Kc1 Bg5+ 33. Bd2 Qa1+ 34.
Qb1 Rxc3+ 0-1

[Event "28th Cappelle Open"]
[Site "Cappelle la Grande FRA"]
[Date "2012.03.07"]
[Round "6.36"]
[White "Vorobiov, Evgeny E."]
[Black "Valuet, Bertrand"]
[Result "1/2-1/2"]
[WhiteTitle "GM"]
[BlackTitle "FM"]
[WhiteElo "2580"]
[BlackElo "2318"]
[WhiteFideId "4121341"]
[BlackFideId "616079"]
[EventDate "2012.03.03"]

1. e4 e5 2. Nf3 Nc6 3. Bc4 Nf6 4. Ng5 d5 5. exd5 Na5 6. Bb5+ c6 7. dxc6 bxc6 8.
Be2 h6 9. Nh3 Bc5 10. d3 Nb7 11. Nc3 Nd6 12. Na4 Nf5 13. Nxc5 Qa5+ 14. c3 Qxc5
15. Ng1 e4 16. d4 Qe7 17. Bc4 O-O 18. Ne2 Nh4 19. O-O Bg4 20. Bf4 Nxg2 21. Bg3
Nh5 22. Qd2 Nh4 23. Qe3 Nf5 24. Qd2 Nh4 25. Qe3 Nf3+ 26. Kh1 Kh8 27. Nf4 Ng5 28.
h4 Nf3 29. d5 Nxh4 30. Nxh5 Bxh5 31. dxc6 Bf3+ 32. Kh2 Ng2 33. Qd4 Qg5 34. Rh1
Nf4 35. Kg1 Bxh1 36. Kxh1 Qh5+ 37. Kg1 Nh3+ 38. Kg2 Ng5 39. Rh1 Qf3+ 40. Kg1
Rad8 41. Rxh6+ Kg8 42. Rd6 Rxd6 43. Qxd6 e3 44. fxe3 Ne4 45. Qf4 Qxg3+ 46. Qxg3
Nxg3 47. Ba6 Ne4 48. c7 Nd6 49. c4 Nxc4 50. c8=Q Rxc8 51. Bxc8 Nxe3 52. b4 Kf8
53. Kf2 Nd5 54. a3 Ke7 55. Kf3 Kd6 56. Ke4 g6 57. Kd4 f5 58. Bb7 Nb6 59. Bf3 g5
60. Bd1 g4 61. b5 Nd5 62. a4 g3 63. Bf3 Nf4 64. Ke3 g2 65. Kf2 Kc5 66. Bc6 Kb6
67. Bd7 Ka5 68. Bxf5 Kxa4 69. Bd7 Kb4 70. Bc6 Kc5 71. Bd7 Kd6 72. Be8 Kc7 73.
Kg1 Kb6 74. Bd7 Ne2+ 75. Kxg2 Nd4 76. Kf2 Nxb5 1/2-1/2

[Event "28th Cappelle Open"]
[Site "Cappelle la Grande FRA"]
[Date "2012.03.07"]
[Round "6.37"]
[White "Abdalla, Luiz Guilherme Aurelli"]
[Black "Borovikov, Vladislav"]
[Result "1/2-1/2"]
[WhiteTitle "FM"]
[BlackTitle "GM"]
[WhiteElo "2277"]
[BlackElo "2579"]
[WhiteFideId "2111080"]
[BlackFideId "14102811"]
[EventDate "2012.03.03"]

1. d4 e6 2. c4 Bb4+ 3. Bd2 a5 4. Nf3 d6 5. Nc3 Nf6 6. g3 Nc6 7. Bg2 e5 8. dxe5
dxe5 9. O-O O-O 10. a3 Bxc3 11. Bxc3 Qe7 12. b4 Rd8 13. Qb3 axb4 14. axb4 Rxa1
15. Rxa1 e4 16. Ne1 Be6 17. b5 Nd4 18. Qb2 c5 19. bxc6 Nxc6 20. Rc1 1/2-1/2

[Event "28th Cappelle Open"]
[Site "Cappelle la Grande FRA"]
[Date "2012.03.07"]
[Round "6.40"]
[White "Mitchell, Martin"]
[Black "Manolache, Marius"]
[Result "0-1"]
[BlackTitle "GM"]
[WhiteElo "2217"]
[BlackElo "2561"]
[WhiteFideId "2400634"]
[BlackFideId "1201530"]
[EventDate "2012.03.03"]

1. d4 g6 2. c4 Bg7 3. Nc3 d6 4. e4 c6 5. Be2 Nf6 6. Nf3 O-O 7. O-O a6 8. Re1 b5
9. e5 Ne8 10. Bf4 Bf5 11. Qb3 Nd7 12. a4 bxc4 13. Qxc4 Qc8 14. a5 Qb7 15. d5 c5
16. e6 fxe6 17. dxe6 Ndf6 18. Nh4 Be4 19. Nxe4 Nxe4 20. Bf3 Rxf4 21. Bxe4 d5 22.
Qxd5 Qxd5 23. Bxd5 Rd8 24. g3 Rxh4 25. gxh4 Rxd5 26. Red1 Bd4 27. b4 cxb4 28.
Rab1 Nc7 29. Kf1 Bc3 30. Rxd5 Nxd5 31. Rd1 Nf4 32. Rd8+ Kg7 33. Ra8 b3 34. Rxa6
Nd5 0-1

[Event "28th Cappelle Open"]
[Site "Cappelle la Grande FRA"]
[Date "2012.03.07"]
[Round "6.67"]
[White "Krzyzanowski, Marcin"]
[Black "Aveline, Philippe"]
[Result "1-0"]
[WhiteElo "2378"]
[BlackElo "2082"]
[WhiteFideId "1132199"]
[BlackFideId "608831"]
[EventDate "2012.03.03"]

1. e4 d5 2. exd5 Nf6 3. d4 Nxd5 4. Nf3 g6 5. c4 Nb6 6. Nc3 Bg7 7. c5 Nd5 8. Bc4
c6 9. O-O O-O 10. Re1 Bg4 11. Bg5 Nf6 12. h3 Bxf3 13. Qxf3 Qxd4 14. Rxe7 Qxc4
15. Bxf6 Bxf6 16. Qxf6 Na6 17. Rxb7 Nxc5 18. Qxc6 Rac8 19. Rc7 Rxc7 20. Qxc7 Qb4
21. Rb1 a6 22. Qd6 a5 23. Nd5 Ne4 24. Qe5 1-0

[Event "28th Cappelle Open"]
[Site "Cappelle la Grande FRA"]
[Date "2012.03.07"]
[Round "6.122"]
[White "Maxime, Philippe"]
[Black "Medghoul, Sherif"]
[Result "0-1"]
[WhiteElo "1750"]
[BlackElo "2149"]
[WhiteFideId "642657"]
[BlackFideId "612057"]
[EventDate "2012.03.03"]

1. e4 e6 2. d4 d5 3. e5 c5 4. c3 Nc6 5. Nf3 Bd7 6. Bd3 Qb6 7. O-O cxd4 8. cxd4
Nxd4 9. Nxd4 Qxd4 10. Nc3 a6 11. Qe2 h5 12. Rd1 Qh4 13. g3 Qh3 14. Qf3 Nh6 15.
Bxh6 Rxh6 16. Bf1 Qg4 17. Qxg4 hxg4 18. Rd4 Rg6 19. Be2 Rg5 20. Rxg4 Rxe5 21.
Rh4 O-O-O 22. Rc1 Kb8 23. Bf1 Rc8 24. Rd1 Bc5 25. Bh3 Bc6 26. Bg2 d4 27. Bxc6
dxc3 28. Ba4 cxb2 29. Kf1 Ba3 30. Rhd4 Rc1 0-1

[Event "28th Cappelle Open"]
[Site "Cappelle la Grande FRA"]
[Date "2012.03.07"]
[Round "6.146"]
[White "Wisniowska, Klaudia"]
[Black "Gaudin, Eric"]
[Result "1/2-1/2"]
[WhiteElo "2143"]
[BlackElo "1901"]
[WhiteFideId "1181238"]
[BlackFideId "637696"]
[EventDate "2012.03.03"]

1. e4 d5 2. exd5 Nf6 3. d4 Bg4 4. f3 Bf5 5. Bb5+ c6 6. dxc6 Qa5+ 7. Nc3 Nxc6 8.
Bd2 O-O-O 9. Bxc6 bxc6 10. Nge2 e5 11. a4 exd4 12. Nb5 Qb6 13. Nbxd4 Rxd4 14.
Nxd4 Qxd4 15. Qe2 Bc5 16. Qa6+ Kc7 17. O-O-O Kb8 18. g3 Bc8 19. Qa5 1/2-1/2

[Event "28th Cappelle Open"]
[Site "Cappelle la Grande FRA"]
[Date "2012.03.08"]
[Round "7.20"]
[White "Kovchan, Alexander"]
[Black "Bokros, Albert"]
[Result "1/2-1/2"]
[WhiteTitle "GM"]
[BlackTitle "IM"]
[WhiteElo "2598"]
[BlackElo "2472"]
[WhiteFideId "14103052"]
[BlackFideId "710458"]
[EventDate "2012.03.03"]

1. e4 c5 2. Nf3 e6 3. d4 cxd4 4. Nxd4 Nf6 5. Nc3 d6 6. Be2 a6 7. O-O Nbd7 8. f4
b5 9. Bf3 Bb7 10. e5 Bxf3 11. Nxf3 dxe5 12. fxe5 Ng4 13. Qe2 b4 14. Nd1 Ndxe5
15. Nxe5 Qd4+ 16. Be3 Nxe3 17. Nxe3 Qxe5 18. Qf3 Ra7 19. Qc6+ Rd7 20. Qc8+ Rd8
21. Qc6+ Rd7 22. Qc8+ Rd8 23. Qc6+ Rd7 1/2-1/2

[Event "28th Cappelle Open"]
[Site "Cappelle la Grande FRA"]
[Date "2012.03.08"]
[Round "7.21"]
[White "Burmakin, Vladimir"]
[Black "Harutjunyan, Gevorg"]
[Result "1-0"]
[WhiteTitle "GM"]
[BlackTitle "GM"]
[WhiteElo "2592"]
[BlackElo "2455"]
[WhiteFideId "4105109"]
[BlackFideId "13300873"]
[EventDate "2012.03.03"]

1. d4 Nf6 2. Nf3 e6 3. g3 b6 4. Bg2 Bb7 5. c4 Be7 6. Nc3 Ne4 7. Bd2 Bf6 8. Qc2
Nxd2 9. Qxd2 d6 10. O-O O-O 11. e4 e5 12. Nd5 Nc6 13. Nxf6+ Qxf6 14. d5 Na5 15.
Qc3 c5 16. a3 Bc8 17. b4 Nb7 18. Ne1 Bd7 19. f4 Qe7 20. Nd3 f6 21. bxc5 Nxc5 22.
Nxc5 dxc5 23. Rf2 Qd6 24. Bf1 g5 25. Qe3 gxf4 26. gxf4 Kh8 27. f5 Rg8+ 28. Kh1
Rg5 29. Rg2 Rag8 30. Rg3 Qf8 31. Ra2 Qh6 32. Rag2 Qh5 33. Kg1 Rxg3 34. hxg3 Ba4
35. Rd2 Qg5 36. Qxg5 Rxg5 37. Kf2 Rg7 38. Be2 Rd7 39. Bd1 Bxd1 40. Rxd1 Kg8 41.
a4 Rb7 42. Rb1 a5 43. Kf3 Kf8 44. Kg4 Rg7+ 45. Kh3 Rb7 46. Kh4 Kf7 47. Kh5 Kg7
48. g4 h6 49. d6 Kf7 50. d7 Rxd7 51. Rxb6 Rd4 52. Rb7+ Ke8 53. Kg6 Rxe4 54. Kxf6
Rxc4 55. g5 hxg5 56. Kg7 Kd8 57. f6 Kc8 58. Ra7 Kb8 59. Rxa5 1-0

[Event "28th Cappelle Open"]
[Site "Cappelle la Grande FRA"]
[Date "2012.03.08"]
[Round "7.22"]
[White "Naumkin, Igor"]
[Black "Moranda, Wojciech"]
[Result "1-0"]
[WhiteTitle "GM"]
[BlackTitle "GM"]
[WhiteElo "2452"]
[BlackElo "2569"]
[WhiteFideId "4101715"]
[BlackFideId "1122401"]
[EventDate "2012.03.03"]

1. d4 Nf6 2. Nf3 g6 3. c4 Bg7 4. Nc3 O-O 5. e4 d6 6. Be2 Nbd7 7. O-O e5 8. Be3
c6 9. d5 c5 10. Ne1 Kh8 11. Nd3 Ng8 12. Qd2 Qe7 13. Rae1 f5 14. exf5 gxf5 15. f4
e4 16. Nf2 Ndf6 17. Bd1 a6 18. a4 Bd7 19. a5 b5 20. axb6 Rfb8 21. b3 Rxb6 22. h3
h5 23. g4 fxg4 24. hxg4 Bxg4 25. Nxg4 hxg4 26. f5 Re8 27. Kg2 Nh7 28. Ne2 Be5
29. Rh1 Nf6 30. Nf4 Bxf4 31. Bxf4 Qd7 32. Bg5 Rf8 33. Rh6 Rb7 34. Reh1 Qxf5 35.
Rf1 Qxf1+ 36. Kxf1 Ng8+ 37. Kg2 Nxh6 38. Qc3+ Kg8 39. Bxh6 Rf6 40. Bc1 Rbf7 41.
Qe3 Re7 42. Qg3 Rg6 43. Bf4 Rd7 44. Bc2 Nf6 45. Bxd6 Rh7 46. Bxc5 Rh3 47. Qb8+
Kh7 48. Qc7+ 1-0

[Event "28th Cappelle Open"]
[Site "Cappelle la Grande FRA"]
[Date "2012.03.08"]
[Round "7.23"]
[White "Timoshenko, Georgy"]
[Black "Astaneh Lopez, Alex"]
[Result "1-0"]
[WhiteTitle "GM"]
[BlackTitle "IM"]
[WhiteElo "2569"]
[BlackElo "2400"]
[WhiteFideId "14100118"]
[BlackFideId "2501430"]
[EventDate "2012.03.03"]

1. e4 c6 2. d4 d5 3. e5 Bf5 4. c4 e6 5. Nc3 Ne7 6. a3 dxc4 7. Bxc4 Nd7 8. Nge2
Nd5 9. O-O Be7 10. Ng3 Bg6 11. f4 O-O 12. Kh1 f5 13. Qf3 Bf7 14. Bd2 N7b6 15.
Bb3 h6 16. Nge2 Qe8 17. g4 Rd8 18. Ng3 g6 19. Rg1 Kh8 20. Rg2 Rg8 21. a4 Nb4 22.
a5 N6d5 23. h3 Qf8 24. Kh2 Be8 25. Nxd5 Nxd5 26. Ne2 c5 27. Ba4 Bxa4 28. Rxa4
Qe8 29. b3 Qd7 30. Be1 Kh7 31. Bf2 Rc8 32. gxf5 gxf5 33. Rxg8 Kxg8 34. Qh5 Bf8
35. dxc5 Kh7 36. Ra1 Bg7 37. Rg1 Qe8 38. Qxe8 Rxe8 39. Rc1 Nb4 40. Rd1 Re7 41.
Rd6 Bf8 42. Nd4 Rf7 1-0

[Event "28th Cappelle Open"]
[Site "Cappelle la Grande FRA"]
[Date "2012.03.08"]
[Round "7.25"]
[White "Manolache, Marius"]
[Black "Pogorelov, Ruslan"]
[Result "0-1"]
[WhiteTitle "GM"]
[BlackTitle "GM"]
[WhiteElo "2561"]
[BlackElo "2426"]
[WhiteFideId "1201530"]
[BlackFideId "14100363"]
[EventDate "2012.03.03"]

1. d4 Nf6 2. c4 e6 3. Nf3 b6 4. a3 Ba6 5. e3 c5 6. Be2 Be7 7. Nc3 cxd4 8. exd4
d5 9. Qa4+ Kf8 10. O-O h6 11. Bf4 Bxc4 12. Bxc4 dxc4 13. Qxc4 g5 14. Bc7 Qc8 15.
d5 Na6 16. d6 Nxc7 17. dxe7+ Kg7 18. Qd4 Qd7 19. Qe5 Qxe7 20. Ne4 Nd5 21. Rac1
Rhc8 22. h4 gxh4 23. Nxh4 Kh7 24. Rfd1 Rxc1 25. Rxc1 Ng4 26. Qh5 Rg8 27. Nf5 Qd7
28. Ne3 Ndxe3 29. fxe3 f5 30. Rf1 Qg7 31. Rf2 Nxe3 32. Nd6 Ng4 33. Rd2 Qe5 34.
Kf1 Nh2+ 35. Kf2 Qc5+ 0-1

[Event "28th Cappelle Open"]
[Site "Cappelle la Grande FRA"]
[Date "2012.03.08"]
[Round "7.26"]
[White "Giffard, Nicolas"]
[Black "Popovic, Dusan"]
[Result "1/2-1/2"]
[WhiteTitle "IM"]
[BlackTitle "GM"]
[WhiteElo "2361"]
[BlackElo "2561"]
[WhiteFideId "600571"]
[BlackFideId "927031"]
[EventDate "2012.03.03"]

1. d4 Nf6 2. c4 g6 3. Nc3 Bg7 4. Bg5 d6 5. e3 c5 6. Nf3 h6 7. Bh4 g5 8. Bg3 Nh5
9. Be2 g4 10. Nh4 Nxg3 11. hxg3 cxd4 12. exd4 h5 13. Rc1 Nc6 14. d5 Nd4 15. O-O
Qb6 16. b3 Nf5 17. c5 dxc5 18. Na4 Qf6 19. Bb5+ Kf8 20. Nxc5 Qd4 21. Bd7 Nxh4
22. Bxc8 Ng6 23. Bxb7 Rd8 24. Rc4 Qxd1 25. Rxd1 Be5 26. Nd3 Bd6 27. Kf1 Kg7 28.
Rdc1 f5 29. Rc8 Kf6 30. Rxd8 Rxd8 31. Rc8 Rxc8 32. Bxc8 1/2-1/2